000 00278nam a22001217a 4500
041 _aENG
100 _aJoshi.S.S
245 _aArthashastrachi Multatve
260 _aPune
_bNirali Prakashan
_c1997
300 _a185
650 _aCompetitive Exam
856 _uCompetitive Exam ( 35 )
999 _c966
_d966